Szczegóły MARC21

Uspołecznianie dzieci rozpoczynających naukę szkolną /

003 -Nazwa inst., której nr kontr. jest w polu 001 [,]
    • @
    • Nazwa instytucji, której n kontrolny jest w polu 001
    • NUKAT
005 -DATA I CZAS OSTATNIEJ MODYFIKACJI [,]
    • @
    • pole kontrolne
    • 20241231100143.0
040 -Instytucja sporządzająca opis [ , ]
    • a
    • Instytucja, która sporządziła opis (NP)
    • LUBL U/AG
    • c
    • Instytucja, która sporządziła rekord (NP)
    • LUBL U/AG
    • d
    • Instytucja, która zmodyfikowała rekord (P)
    • LUBL U/bg
    • d
    • Instytucja, która zmodyfikowała rekord (P)
    • LUBL U/AGAs
    • d
    • Instytucja, która zmodyfikowała rekord (P)
    • KR 119/jk
942 -Rodzaj dokumentu [ , ]
    • c
    • Rodzaj dokumentu
    • Książka
100 -Hasło główne - nazwa osobowa [1, ]
    • a
    • Nazwa osobowa (NP)
    • Pelcowa, Maria.
    • 9
    • KHW
    • 418343
245 -Strefa tytułu i oznaczenia odpowiedzialności [1,0]
    • a
    • Tytuł
    • Uspołecznianie dzieci rozpoczynających naukę szkolną / Find
    • c
    • Pozostałe elementy strefy tytułu i oznaczenia odpowiedzialności (NP)
    • Maria Pelcowa.
260 -Strefa adresu wydawniczego [ , ]
    • a
    • Miejsce wydania (P)
    • Warszawa :
    • b
    • Nazwa wydawcy (P)
    • Państwowe Zakłady Wydawnictw Szkolnych,
    • c
    • Data wydania (P)
    • 1965.
300 -Strefa opisu fizycznego [ , ]
    • a
    • Określenie formy książki i/lub objętość (NP)
    • 138 s., [3] k. złoż. ;
    • c
    • Format (NP)
    • 21 cm.
336 -Typ zawartości [ , ]
    • a
    • Termin opisujący typ zawartości
    • Tekst
    • b
    • Kod określający zawartość
    • txt
    • 2
    • Źródło (terminu i kodu)
    • rdacontent
337 -Typ mediów [ , ]
    • a
    • Tryb odtwarzania
    • Bez urządzenia pośredniczącego
    • b
    • Kod typu mediów
    • n
    • 2
    • Źródło (terminu i kodu)
    • rdamedia
338 -Typ/rodzaj nośnika [ , ]
    • a
    • Hasło opisujące typ nośnika
    • Wolumin
    • b
    • Kod typu nośnika
    • nc
    • 2
    • Źródło (terminu i kodu)
    • rdacarrier
504 -Uwaga dot. bibliogr. załącznikowej [ , ]
    • a
    • Uwaga dot. bibliografii załącznikowej
    • Bibliogr. s. 133-139.
080 -Uniwersalna Klasyfikacja Dziesiętna [ , ]
    • a
    • Symbol klasyfikacji
    • 372.4
080 -Uniwersalna Klasyfikacja Dziesiętna [ , ]
    • a
    • Symbol klasyfikacji
    • :37.018.2
080 -Uniwersalna Klasyfikacja Dziesiętna [ , ]
    • a
    • Symbol klasyfikacji
    • :37.03
650 -Hasło przedmiotowe [ ,7]
    • a
    • Hasło przedmiotowe
    • Nauczanie początkowe
    • z
    • Określnik geograficzny
    • Polska.
    • 2
    • Źródło terminu
    • kaba
    • 9
    • KHW
    • 358902
650 -Hasło przedmiotowe [ ,7]
    • a
    • Hasło przedmiotowe
    • Socjologia edukacji
    • z
    • Określnik geograficzny
    • Polska
    • y
    • Określnik chronologiczny
    • 1945-1970.
    • 2
    • Źródło terminu
    • kaba
    • 9
    • KHW
    • 396672
650 -Hasło przedmiotowe [ ,7]
    • a
    • Hasło przedmiotowe
    • Wychowanie dzieci
    • x
    • Określnik rzeczowy
    • aspekt społeczny
    • z
    • Określnik geograficzny
    • Polska
    • y
    • Określnik chronologiczny
    • 1945-1970.
    • 2
    • Źródło terminu
    • kaba
    • 9
    • KHW
    • 357763
980 -Symbol UKD [ , ]
    • a
    • UKD
    • 372.4:37.018.2:37.03
710 -Hasło dodatkowe - nazwa ciała zbiorowego [2, ]
    • a
    • Nazwa ciała zbiorowego lub nazwa geograficzna jako pierwszy element (NP)
    • Państwowe Zakłady Wydawnictw Szkolnych.
    • 4
    • Kod relacji
    • pbl
    • 9
    • KHW
    • 55158
Numer inwentarzowy Status udost. Data inwentaryzacji Lokalizacja
Pd.1613612004-05-20BG